000 00334 a2200145 4500
001 23903
020 _a9788516062576
040 _cAnchieta - São Paulo/Itaigara
240 1 0 _aLog in to english 4
_lpor
245 1 0 _aLog in to english 4
300 _a136
362 0 _a2010
650 4 _aGramáticas de língua inglesa
942 _cBK
999 _c23903
_d23903